Impuesto a las ganancias. Compraventa de acciones en el exterior. Personas físicas (Registro nro. 19666)

Detalles MARC
000 -LEADER
fixed length control field 00399 a2200121 4500
001 - CONTROL NUMBER
control field ART_37970
005 - DATE AND TIME OF LATEST TRANSACTION
control field 20260410161751.0
008 - FIXED-LENGTH DATA ELEMENTS--GENERAL INFORMATION
fixed length control field 260409a
100 1# - MAIN ENTRY--PERSONAL NAME
Personal name Perelli, Eduardo
245 10 - TITLE STATEMENT
Title Impuesto a las ganancias. Compraventa de acciones en el exterior. Personas físicas
700 1# - ADDED ENTRY--PERSONAL NAME
Personal name Schwartzman, Daniel M.
773 0# - HOST ITEM ENTRY
Title Doctrina tributaria
Related parts - Nº 424 (jul. 2015)
Record control number REV4296

No hay ítems disponibles.